00394nam a2200157Ia 4500003000400000005001700004008004100021040000700062041000800069082002500077100002800102245004000130260004100170300001200211365001300223OSt20230323111509.0210423s2002 xx 000 0 und d cAL aeng a809.93592 223bLEAW aLEATHERBARROW (W J),Ed. aCambridge companion to Dostoevskii. aUKbCambridge University Pressc2002 axvi,244 b912cUSD